000 00748nam a2200265 i 4500
001 C2-0305081
003 PPAK
005 20180728090238.0
008 100726s2010 my a|||| ||||| | may d
020 _a9789830039770
040 _aPPAK
_beng
_cPPAK
_erda
082 0 4 _a620.007
_223
090 0 0 _a620.007
_bKEM
_dR
245 0 0 _aKemahiran hidup bersepadu PMR :
_bpilihan 1 : kemahiran teknikal
264 1 _aBangi, Selangor :
_bPenerbitan Pelangi ,
_c2010
300 _a456 pages :
_billustrations ;
_c26 cm
336 _2rdacontent
_atext
337 _2rdamedia
_aunmediated
338 _2rdacarrier
_avolume
490 1 _aFocus goal
650 1 0 _aCombinatorial analysis
700 _eauthor
830 0 _aFocus goal
942 _ddc
_cB
999 _c108111
_d108111